Banderas con por lo menos 5 colores - Estadísticas

Estadísticas generales
  • Esta prueba ha sido intentada 178 veces
  • La puntuación promedio es 10 de 32
Estadísticas de respuestas
País % Correcto
Seychelles
71%
Sudafrica
67%
España
63%
Mexico
55%
Nicaragua
44%
Belice
41%
Dominica
40%
Ecuador
40%
El Salvador
38%
Andorra
36%
Comoras
35%
Haiti
34%
Mozambique
34%
Guatemala
33%
Republica Centroafricana
33%
Republica Dominicana
31%
Moldavia
30%
Tuvalu
29%
Zimbabue
29%
Antigua y Barbuda
28%
Uganda
27%
Fiyi
26%
Sudan del Sur
26%
San Cristobal y Nieves
25%
Suazilandia
24%
Costa Rica
19%
Paraguay
19%
Namibia
18%
Croacia
15%
San Marino
14%
Guyana
13%
Guinea Ecuatorial
12%
No se encontraron pruebas coincidentes
Distribución de puntuación
Porcentaje de gente con cada puntuación
Porcentaje por número respondido
Historial de tus puntuaciones
No has intentado esta prueba.